Impact stress wave propagation in curved and periodic structures /
محفوظ في:
| المؤلف الرئيسي: | |
|---|---|
| التنسيق: | أطروحة كتاب |
| اللغة: | English |
| منشور في: |
1994.
|
| الموضوعات: | |
| الوسوم: |
إضافة وسم
لا توجد وسوم, كن أول من يضع وسما على هذه التسجيلة!
|
| LEADER | 00765cam a2200241 a 4500 | ||
|---|---|---|---|
| 001 | u357255 | ||
| 003 | SIRSI | ||
| 008 | 940811s1994 si v 00 1 eng m | ||
| 035 | |a ABT-5523 | ||
| 040 | |a UMM | ||
| 090 | |a QA935 |b Qua | ||
| 100 | 1 | 0 | |a Quah, Siew Eng. |
| 245 | 1 | 0 | |a Impact stress wave propagation in curved and periodic structures / |c by Quah Siew Eng. |
| 260 | |c 1994. | ||
| 300 | |a xix, 221 leaves : |b ill. ; |c 30 cm. | ||
| 502 | |a Dissertation (M.Eng.) -- National University of Singapore, 1994. | ||
| 504 | |a Bibliography: leaves 105-108. | ||
| 650 | 0 | |a Elastic waves. | |
| 650 | 0 | |a Wave-motion, Theory of. | |
| 650 | 0 | |a Stress waves | |
| 948 | |a 11/08/1994 |b 25/11/2000 | ||
| 596 | |a 1 | ||
| 999 | |a QA935 QUA |w LC |c 1 |i A505730445 |l STACKS |m P01UTAMA |r Y |s Y |t TESIS |u 1/7/1996 | ||
